000
00325 a2200133 4500
001
60241
020
_a
040
_c
Anchieta - Pituba
240
1
0
_a
Brügge und seine schönheiten
_l
por
245
1
0
_a
Brügge und seine schönheiten
300
_a
91
650
4
_a
Tratamento histórico e geográfico de pessoas
942
_c
BK
999
_c
60241
_d
60241